|
|
|
|
| LEADER |
01897nam a2200433 i 4500 |
| 001 |
EBC4857525 |
| 003 |
MiAaPQ |
| 005 |
20200520144314.0 |
| 006 |
m o d | |
| 007 |
cr cnu|||||||| |
| 008 |
170605t20172017dcua o 000 0 eng d |
| 020 |
|
|
|z 9781464810480
|
| 020 |
|
|
|a 9781464810497 (e-book)
|
| 035 |
|
|
|a (MiAaPQ)EBC4857525
|
| 035 |
|
|
|a (Au-PeEL)EBL4857525
|
| 035 |
|
|
|a (CaPaEBR)ebr11383890
|
| 035 |
|
|
|a (CaONFJC)MIL1010202
|
| 035 |
|
|
|a (OCoLC)987251044
|
| 040 |
|
|
|a MiAaPQ
|b eng
|e rda
|e pn
|c MiAaPQ
|d MiAaPQ
|
| 050 |
|
4 |
|a HG8051
|b .M374 2017
|
| 082 |
0 |
|
|a 368
|2 23
|
| 100 |
1 |
|
|a Mapfumo, Shadreck,
|e author.
|
| 245 |
1 |
0 |
|a Risk modeling for appraising named peril index insurance products :
|b a guide for practitioners /
|c Shadreck Mapfumo, Huybert Groenendaal, and Chloe Dugger.
|
| 264 |
|
1 |
|a Washington, District of Columbia :
|b World Bank Publications,
|c 2017.
|
| 264 |
|
4 |
|c 2017
|
| 300 |
|
|
|a 1 online resource (315 pages) :
|b illustrations, tables
|
| 336 |
|
|
|a text
|2 rdacontent
|
| 337 |
|
|
|a computer
|2 rdamedia
|
| 338 |
|
|
|a online resource
|2 rdacarrier
|
| 588 |
|
|
|a Description based on online resource; title from PDF title page (ebrary, viewed June 5, 2017).
|
| 590 |
|
|
|a Electronic reproduction. Ann Arbor, MI : ProQuest, 2016. Available via World Wide Web. Access may be limited to ProQuest affiliated libraries.
|
| 650 |
|
0 |
|a Insurance.
|
| 650 |
|
0 |
|a Agriculture.
|
| 655 |
|
4 |
|a Electronic books.
|
| 700 |
1 |
|
|a Groenendaal, Huybert,
|e author.
|
| 700 |
1 |
|
|a Dugger, Chloe,
|e author.
|
| 776 |
0 |
8 |
|i Print version:
|a Mapfumo, Shadreck.
|t Risk Modeling for Appraising Named Peril Index Insurance Products : A Guide for Practitioners.
|d Washington, District of Columbia : World Bank Publications, c2017
|h 287 pages
|z 9781464810480
|
| 797 |
2 |
|
|a ProQuest (Firm)
|
| 856 |
4 |
0 |
|u https://ebookcentral.proquest.com/lib/matrademy/detail.action?docID=4857525
|z Click to View
|